000
00289nam a22001097a 4500
005
20251013094147.0
008
251013b |||||||| |||| 00| 0 eng d
040
_c
PK-LaNCA
082
_a
720.92
_b
LOU
245
_a
Louis I. Kahn: beyond time and style: a life in architecture
942
_c
BK
999
_c
66966
_d
66966